[Event "Landesliga Sued 1112"]
[Site "Bayern"]
[Date "2011.10.02"]
[Round "1.7"]
[White "Koch, Enrico"]
[Black "Schubert, Josef"]
[Result "1/2-1/2"]
[WhiteElo "1942"]
[BlackElo "1957"]
[PlyCount "33"]
[EventDate "2011.10.02"]
[EventType "team-tourn"]
[EventRounds "9"]
[EventCountry "GER"]
[SourceTitle "EXT 2013"]
[Source "ChessBase"]
[SourceDate "2012.11.22"]
[SourceVersion "1"]
[SourceVersionDate "2012.11.22"]
[SourceQuality "1"]
[WhiteTeam "Muenchen Tarrasch II"]
[BlackTeam "Landshut"]
[WhiteTeamCountry "GER"]
[BlackTeamCountry "GER"]

1. Nf3 f5 2. d4 Nf6 3. g3 e6 4. Bg2 d5 5. 0-0 Bd6 6. Bf4 0-0 7. Bxd6 cxd6 8. Nbd2 Bd7 9. b3 Na6 10. c4 Bc6 11. cxd5 Bxd5 12. Rc1 Qd7 13. Qc2 Rac8 14. Qb2 Qb5 15. Rxc8 Rxc8 16. Rc1 Qd7 17. Rc3 1/2-1/2

[Event "Regionalliga SO 1011"]
[Site "Bayern"]
[Date "2011.02.27"]
[Round "7.7"]
[White "Soergel, Thomas"]
[Black "Schubert, Josef"]
[Result "1-0"]
[WhiteElo "2018"]
[BlackElo "1928"]
[PlyCount "71"]
[EventDate "2010.10.10"]
[EventType "team-tourn"]
[EventRounds "9"]
[EventCountry "GER"]
[SourceTitle "EXT 2012"]
[Source "ChessBase"]
[SourceDate "2011.11.24"]
[SourceVersion "1"]
[SourceVersionDate "2011.11.24"]
[SourceQuality "1"]
[WhiteTeam "Graefelfing"]
[BlackTeam "Landshut"]
[WhiteTeamCountry "GER"]
[BlackTeamCountry "GER"]

1. c4 e5 2. Nc3 Nf6 3. g3 d5 4. cxd5 Nxd5 5. Bg2 Nb6 6. Nf3 Nc6 7. 0-0 Be7 8. d3 0-0 9. b3 Re8 10. Bb2 Bf5 11. Ne4 Bxe4 12. dxe4 Bd6 13. Qc2 Qe7 14. a4 Nb4 15. Qc3 c5 16. Rfd1 Nc6 17. e3 Rad8 18. a5 Na8 19. Bf1 Nc7 20. Bc4 b5 21. axb6 axb6 22. Nh4 g6 23. Qd3 Qf8 24. Qe2 Be7 25. Qg4 Kh8 26. f4 Bf6 27. Nf3 Qe7 28. Ng5 Rf8 29. Rxd8 Nxd8 30. Rd1 b5 31. Rxd8 Qxd8 32. Nxf7+ Rxf7 33. Bxf7 Kg7 34. fxe5 Bxe5 35. Bxe5+ Kxf7 36. Qf4+ 1-0

[Event "Niederbayernliga 1112"]
[Site "Bayern"]
[Date "2011.??.??"]
[Round "2"]
[White "Havlik, Jan"]
[Black "Schubert, Josef"]
[Result "1-0"]
[WhiteElo "2340"]
[BlackElo "1963"]
[PlyCount "31"]
[EventDate "2011.10.??"]
[EventType "team-tourn"]
[EventRounds "9"]
[EventCountry "GER"]
[SourceTitle "EXT 2023"]
[Source "ChessBase"]
[SourceDate "2022.10.05"]
[SourceVersion "1"]
[SourceVersionDate "2022.10.05"]
[SourceQuality "1"]
[WhiteTeam "Roehrnbach"]
[BlackTeam "Landshut II"]
[WhiteTeamCountry "GER"]
[BlackTeamCountry "GER"]

1. e4 e5 2. Nf3 Nc6 3. Bb5 a6 4. Ba4 Nf6 5. d4 b5 6. Bb3 Nxd4 7. Nxd4 exd4 8. e5 Qe7 9. 0-0 Ng8 10. Qf3 Rb8 11. Bg5 f6 12. exf6 Nxf6 13. Nd2 Bb7 14. Qf5 Qd6 15. Rae1+ Be7 16. Re5 1-0

[Event "Niederbayern-ch"]
[Site "Mamming"]
[Date "2010.06.04"]
[Round "3"]
[White "Angermeier, Gerhard"]
[Black "Schubert, Josef"]
[Result "0-1"]
[WhiteElo "1668"]
[BlackElo "1922"]
[PlyCount "68"]
[EventDate "2010.06.03"]
[EventType "swiss"]
[EventRounds "7"]
[EventCountry "GER"]
[SourceTitle "EXT 2023"]
[Source "ChessBase"]
[SourceDate "2022.10.05"]
[SourceVersion "1"]
[SourceVersionDate "2022.10.05"]
[SourceQuality "1"]

1. e4 e6 2. d4 d5 3. Nd2 Nf6 4. e5 Nfd7 5. f4 c5 6. c3 Nc6 7. Ngf3 Qb6 8. Nb3 a5 9. dxc5 Nxc5 10. Nbd4 Bd7 11. Bd3 Nxd3+ 12. Qxd3 Be7 13. 0-0 Rc8 14. Be3 Nxd4 15. Nxd4 Qxb2 16. Rfc1 Qa3 17. Rab1 Rc4 18. Rxb7 Bc8 19. Rb3 Qxa2 20. Rcb1 0-0 21. Qd1 Qa4 22. Nb5 Ba6 23. Ra1 Bxb5 24. Rxa4 Bxa4 25. Qb1 Bxb3 26. Qxb3 Bc5 27. Bxc5 Rxc5 28. Qb6 Rfc8 29. f5 exf5 30. e6 fxe6 31. Qxe6+ Kh8 32. Qxf5 d4 33. Qd3 dxc3 34. Qc2 a4 0-1

[Event "Niederbayern-ch"]
[Site "Mamming"]
[Date "2010.06.04"]
[Round "4"]
[White "Mueller, Michael3333"]
[Black "Schubert, Josef"]
[Result "1/2-1/2"]
[WhiteElo "2009"]
[BlackElo "1922"]
[PlyCount "136"]
[EventDate "2010.06.03"]
[EventType "swiss"]
[EventRounds "7"]
[EventCountry "GER"]
[SourceTitle "EXT 2023"]
[Source "ChessBase"]
[SourceDate "2022.10.05"]
[SourceVersion "1"]
[SourceVersionDate "2022.10.05"]
[SourceQuality "1"]

1. e4 Nf6 2. d3 e5 3. Nf3 Nc6 4. c3 d5 5. Nbd2 Bg4 6. Be2 Qd7 7. 0-0 0-0-0 8. b4 Qe8 9. b5 dxe4 10. dxe4 Nb8 11. Qa4 Bc5 12. Nb3 Bb6 13. Bg5 Nbd7 14. Qb4 h6 15. Bxf6 gxf6 16. a4 Qf8 17. a5 Bc5 18. Nxc5 Qxc5 19. Rfd1 Qxb4 20. cxb4 Nb8 21. Kf1 Rxd1+ 22. Rxd1 Rd8 23. Ke1 Rxd1+ 24. Kxd1 Be6 25. Kd2 Kd7 26. Kc3 Kd6 27. Nd2 Nd7 28. Nf1 Nf8 29. Ne3 Ng6 30. g3 Ne7 31. Bg4 b6 32. axb6 axb6 33. f4 Bxg4 34. Nxg4 Ng8 35. Ne3 Ne7 36. Kd3 Ke6 37. Ng4 Ng8 38. h4 exf4 39. gxf4 f5 40. Ne3 fxe4+ 41. Kxe4 f5+ 42. Kd4 Nf6 43. Kc4 Ne4 44. Kd4 Nd6 45. Nd5 Nxb5+ 46. Kc4 Na3+ 47. Kd4 Nc2+ 48. Kc4 b5+ 49. Kc5 Kd7 50. h5 c6 51. Nf6+ Kc7 52. Ng8 Ne1 53. Nxh6 Nd3+ 54. Kd4 Nxf4 55. Nxf5 Nxh5 56. Kc3 Nf4 57. Nd4 Nd5+ 58. Kb3 Kd6 59. Nf3 Nf4 60. Kc3 Kd5 61. Nd4 Ng6 62. Nf5 Ne5 63. Ne3+ Ke4 64. Nc2 Nd3 65. Kb3 Nc1+ 66. Kc3 Ne2+ 67. Kd2 Nd4 68. Ne1 Ne6 1/2-1/2

[Event "Regionalliga SO 0809"]
[Site "Bayern"]
[Date "2009.03.15"]
[Round "8.6"]
[White "Schubert, Josef"]
[Black "Hartmann, Karl Heinz"]
[Result "1-0"]
[WhiteElo "1932"]
[BlackElo "1792"]
[PlyCount "61"]
[EventDate "2008.10.05"]
[EventType "team-tourn"]
[EventRounds "9"]
[EventCountry "GER"]
[SourceTitle "EXT 2020"]
[Source "ChessBase"]
[SourceDate "2019.10.17"]
[SourceVersion "1"]
[SourceVersionDate "2019.10.17"]
[SourceQuality "1"]
[WhiteTeam "Landshut"]
[BlackTeam "Ebersberg"]
[WhiteTeamCountry "GER"]
[BlackTeamCountry "GER"]

1. e4 e6 2. d3 c5 3. g3 Nc6 4. Bg2 g6 5. Nc3 Bg7 6. f4 d6 7. Nf3 Nge7 8. 0-0 0-0 9. Be3 a6 10. Rb1 b5 11. a3 Bb7 12. d4 cxd4 13. Nxd4 Nxd4 14. Bxd4 Nc6 15. Bxg7 Qb6+ 16. Kh1 Kxg7 17. Rf3 Ne7 18. Rd3 Rfd8 19. Qd2 Rd7 20. Rd1 Rad8 21. h3 f5 22. Kh2 fxe4 23. Bxe4 d5 24. Bg2 Nf5 25. Ne4 Nd6 26. Qc3+ d4 27. Rxd4 Rc7 28. Rc4+ Kh6 29. Rxc7 Nf5 30. Rxd8 Bxe4 31. Rxh7+ 1-0

[Event "Regionalliga SO 0809"]
[Site "Bayern"]
[Date "2009.01.11"]
[Round "5.7"]
[White "Soergel, Thomas"]
[Black "Schubert, Josef"]
[Result "1/2-1/2"]
[WhiteElo "1942"]
[BlackElo "1932"]
[PlyCount "91"]
[EventDate "2008.10.05"]
[EventType "team-tourn"]
[EventRounds "9"]
[EventCountry "GER"]
[SourceTitle "EXT 2020"]
[Source "ChessBase"]
[SourceDate "2019.10.17"]
[SourceVersion "1"]
[SourceVersionDate "2019.10.17"]
[SourceQuality "1"]
[WhiteTeam "Graefelfing"]
[BlackTeam "Landshut"]
[WhiteTeamCountry "GER"]
[BlackTeamCountry "GER"]

1. c4 e5 2. Nc3 d6 3. g3 g6 4. Bg2 Bg7 5. Nf3 f5 6. d4 e4 7. Ng5 Nf6 8. 0-0 Qe7 9. f3 h6 10. Nh3 exf3 11. exf3 0-0 12. Re1 Qf7 13. Qd3 Na6 14. a3 Bd7 15. Bd2 c6 16. Bf4 d5 17. c5 Rfe8 18. Be5 Nh5 19. Bxg7 Kxg7 20. Qd2 Nc7 21. Ne2 a6 22. Nhf4 Nxf4 23. Nxf4 Ne6 24. Nxe6+ Rxe6 25. Rxe6 Bxe6 26. Re1 Re8 27. Re5 Bd7 28. Qe3 Rxe5 29. Qxe5+ Qf6 30. Qxf6+ Kxf6 31. f4 g5 32. Kf2 g4 33. Ke3 Ke7 34. Kd2 Kd8 35. Bf1 Bc8 36. Kc3 Kc7 37. Kb4 Bd7 38. Ka5 Bc8 39. b4 Bd7 40. a4 Be6 41. b5 axb5 42. axb5 Bc8 43. Bd3 Be6 44. b6+ Kd8 45. Bf1 Bc8 46. Kb4 1/2-1/2